000 00231nam a22000977a 4500
999 _c263536
_d263535
020 _a0375815252
100 _a Roald Dahl
245 _aCharlie and the great glass elevator
260 _aNew York
_bRandom House
_c1972
942 _cBK